[Event "Thüringenliga 2025/26"]
[Site "?"]
[Date "2026.02.01"]
[Round "6.5"]
[White "Dreyer, Michael"]
[Black "Barth, Jürgen"]
[Result "1/2-1/2"]
[WhiteElo "1945"]
[BlackElo "1781"]
[WhiteFideId "-1"]
[BlackFideId "-1"]
[PlyCount "35"]
[GameId "2273550609158225"]
[EventDate "2025.09.14"]
[EventType "team-tourn"]
[EventRounds "9"]
[SourceTitle "Thueringer Schachbund"]
[Source "ThSB"]
[SourceDate "2025.09.14"]
[SourceVersion "1"]
[SourceVersionDate "2025.09.14"]
[SourceQuality "1"]
[WhiteTeam "SV Schott Jena"]
[BlackTeam "Meuselwitzer SV"]

{[%evp 0,35,18,19,32,40,68,72,56,50,42,45,81,31,76,66,68,62,86,53,42,36,38,10,17,11,9,9,21,21,23,22,22,20,18,27,23,25]} 1. e4 d5 2. exd5 Qxd5 3. Nc3 Qa5 4. d4 Nf6 5. Nf3 Bg4 6. Be2 c6 7. O-O e6 8. h3 Bh5 9. a3 Bd6 10. Be3 Nbd7 11. Qd2 Qc7 12. Ng5 Bxe2 13. Qxe2 h6 14. Nge4 Bf4 15. Bxf4 Qxf4 16. g3 Qc7 17. Nxf6+ Nxf6 18. Ne4 1/2-1/2

[Event "Thüringenliga 2025/26"]
[Site "?"]
[Date "2026.02.01"]
[Round "6.6"]
[White "Ignatova, Gabriela"]
[Black "Seifert, Michael"]
[Result "1/2-1/2"]
[WhiteElo "1640"]
[BlackElo "1809"]
[WhiteFideId "-1"]
[BlackFideId "-1"]
[PlyCount "61"]
[GameId "2273552335635097"]
[EventDate "2025.09.14"]
[EventType "team-tourn"]
[EventRounds "9"]
[SourceTitle "Thueringer Schachbund"]
[Source "ThSB"]
[SourceDate "2025.09.14"]
[SourceVersion "1"]
[SourceVersionDate "2025.09.14"]
[SourceQuality "1"]
[WhiteTeam "Meuselwitzer SV"]
[BlackTeam "SV Schott Jena"]

{[%evp 0,45,14,21,36,36,15,34,34,-22,-15,-19,32,42,38,24,43,44,38,43,41,27,27,15,16,20,23,-5,-10,-35,-41,-33,-24,-36,-33,-63,-64,-98,-86,-89,-67,-103,-68,-67,25,3,109,112]} 1. e4 e6 2. d4 d5 3. exd5 exd5 4. c4 Nf6 5. Nc3 c6 6. Nf3 Bd6 7. Bg5 Qe7+ 8. Qe2 Qxe2+ 9. Bxe2 Nbd7 10. cxd5 Nxd5 11. Nxd5 cxd5 12. O-O O-O 13. a3 Nb6 14. Nd2 Bf5 15. Bf3 h6 16. Bh4 Rac8 17. b4 Rc3 18. Bd1 Nc4 19. Nxc4 Rxc4 20. f3 Rxd4 21. Bf2 Rd3 22. Bc2 Bg6 23. Bxd3 Bxd3 24. Rfd1 Bc4 25. Bxa7 Ra8 26. Bf2 b5 27. Bg3 Be7 28. Re1 Bf6 29. Be5 Bxe5 30. Rxe5 d4 31. Ree1 1/2-1/2

[Event "Thüringenliga 2025/26"]
[Site "?"]
[Date "2026.02.01"]
[Round "6.7"]
[White "Vater, Rainer"]
[Black "Scheiding, Sophia"]
[Result "1/2-1/2"]
[WhiteElo "1848"]
[BlackElo "1684"]
[WhiteFideId "-1"]
[BlackFideId "-1"]
[PlyCount "99"]
[GameId "2273555774702921"]
[EventDate "2025.09.14"]
[EventType "team-tourn"]
[EventRounds "9"]
[SourceTitle "Thueringer Schachbund"]
[Source "ThSB"]
[SourceDate "2025.09.14"]
[SourceVersion "1"]
[SourceVersionDate "2025.09.14"]
[SourceQuality "1"]
[WhiteTeam "SV Schott Jena"]
[BlackTeam "Meuselwitzer SV"]

{[%evp 0,48,32,-24,21,8,2,5,46,23,25,18,15,21,19,6,4,-7,37,-6,33,37,55,55,67,38,18,-5,-13,-20,-6,-27,-15,-43,-20,-40,-45,-42,-44,-97,-105,-97,-17,-17,-43,-33,51,32,72,76,83]} 1. f4 d6 2. Nf3 Nf6 3. d4 Nbd7 4. e3 e6 5. Bd3 Be7 6. O-O b6 7. Nbd2 Bb7 8. c3 c6 9. b3 Qc7 10. Bb2 Rd8 11. e4 e5 12. f5 d5 13. Qe2 dxe4 14. Nxe4 Nxe4 15. Bxe4 O-O 16. Rad1 Bf6 17. g4 exd4 18. cxd4 Rfe8 19. Nd2 Bg5 20. Nf3 Be7 21. Ne5 Nf6 22. Bg2 Bd6 23. g5 Bxe5 24. dxe5 Rxd1 25. Rxd1 Nd7 26. h4 Nc5 27. Qh5 Rd8 28. Rf1 Ba6 29. Rd1 Bb7 30. Qf3 Rxd1+ 31. Qxd1 Qd7 32. Qxd7 Nxd7 33. Kf2 Nc5 34. Ke3 g6 35. Ba3 Nd7 36. Bd6 a5 37. Kf4 Nf8 38. Bf1 Bc8 39. Bc7 b5 40. fxg6 Ne6+ 41. Ke3 Nxc7 42. gxf7+ Kxf7 43. Bd3 Nd5+ 44. Kd4 Kg7 45. Bxb5 Ne7 46. Bd3 Be6 47. Kc5 Bd5 48. Kd6 Nc8+ 49. Kc7 Ne7 50. Kd6 1/2-1/2

[Event "Thüringenliga 2025/26"]
[Site "?"]
[Date "2026.02.01"]
[Round "6.8"]
[White "Schmidt, Jens"]
[Black "Eichhorn, Mathilda"]
[Result "1/2-1/2"]
[WhiteElo "1713"]
[BlackElo "1629"]
[WhiteFideId "-1"]
[BlackFideId "-1"]
[PlyCount "52"]
[GameId "2273579444285483"]
[EventDate "2025.09.14"]
[EventType "team-tourn"]
[EventRounds "9"]
[SourceTitle "Thueringer Schachbund"]
[Source "ThSB"]
[SourceDate "2025.09.14"]
[SourceVersion "1"]
[SourceVersionDate "2025.09.14"]
[SourceQuality "1"]
[WhiteTeam "Meuselwitzer SV"]
[BlackTeam "SV Schott Jena"]

{[%evp 0,46,34,-14,2,-20,-19,-26,-18,-37,-8,-7,-18,-18,3,-7,7,-11,14,14,19,8,25,20,16,-11,-17,-41,-39,-33,-37,-39,-39,-70,-65,-65,-61,-59,-64,-62,-54,-58,-11,-15,-4,-10,-7,-14,9]} 1. c4 e6 2. g3 Nf6 3. Nc3 d5 4. Bg2 c6 5. cxd5 exd5 6. d4 Be7 7. Nf3 O-O 8. O-O Nbd7 9. Bf4 Re8 10. a3 a5 11. Rc1 Nf8 12. Bg5 h6 13. Bxf6 Bxf6 14. e3 Bf5 15. Na4 Nd7 16. Nc5 Nxc5 17. Rxc5 Be7 18. Rc3 a4 19. Ne5 Bd6 20. Nd3 Bxd3 21. Qxd3 Ra5 22. Rfc1 Qe7 23. Qd2 Rea8 24. Qc2 Re8 25. Qd2 Raa8 26. Qc2 h5 1/2-1/2

[Event "Thüringenliga 2025/26"]
[Site "?"]
[Date "2026.02.01"]
[Round "6.1"]
[White "Darr, Sascha"]
[Black "Aniol, Adrian"]
[Result "1/2-1/2"]
[WhiteElo "2069"]
[BlackElo "1923"]
[WhiteFideId "-1"]
[BlackFideId "-1"]
[PlyCount "85"]
[GameId "2273188824712138"]
[EventDate "2025.09.14"]
[EventType "team-tourn"]
[EventRounds "9"]
[SourceTitle "Thueringer Schachbund"]
[Source "ThSB"]
[SourceDate "2025.09.14"]
[SourceVersion "1"]
[SourceVersionDate "2025.09.14"]
[SourceQuality "1"]
[WhiteTeam "fuß brothers Jena"]
[BlackTeam "VfL 1990 Gera"]

{[%evp 0,73,20,17,17,27,40,39,30,30,69,70,48,44,50,42,38,52,39,7,52,47,47,62,62,62,83,69,69,70,103,62,81,69,77,69,50,42,50,39,31,19,19,7,17,2,-7,-20,-29,-18,-3,-49,2,-35,3,0,2,36,53,52,95,98,138,100,69,90,85,89,94,94,85,66,103,60,92,72]} 1. Nf3 Nf6 2. d4 g6 3. c4 Bg7 4. Nc3 d5 5. cxd5 Nxd5 6. e4 Nxc3 7. bxc3 O-O 8. Be3 c5 9. Rc1 Nc6 10. d5 Ne5 11. Nxe5 Bxe5 12. Bxc5 Qa5 13. Bd4 Bxd4 14. Qxd4 Qxa2 15. Bc4 Qa4 16. Rb1 a6 17. O-O b5 18. Rb4 Qa3 19. Be2 Bd7 20. Rfb1 Rfc8 21. R4b3 Qc5 22. Qd2 e6 23. h4 Rd8 24. h5 exd5 25. hxg6 fxg6 26. exd5 Be6 27. Bf3 Rd6 28. c4 Bf5 29. Rc1 bxc4 30. Rbc3 Qb4 31. Qd4 Rc8 32. Rxc4 Rxc4 33. Rxc4 Qe1+ 34. Kh2 Qe7 35. Qc3 h5 36. Qb4 Qe5+ 37. g3 Rf6 38. Rc6 Bg4 39. Rxf6 Qxf6 40. Qb8+ Kg7 41. Qa7+ Qf7 42. Qd4+ Qf6 43. Qa7+ 1/2-1/2

[Event "Thüringenliga 2025/26"]
[Site "?"]
[Date "2026.02.01"]
[Round "6.2"]
[White "Aniol, Nico"]
[Black "Wicklein, Stefan"]
[Result "1/2-1/2"]
[WhiteElo "2071"]
[BlackElo "2003"]
[WhiteFideId "-1"]
[BlackFideId "-1"]
[PlyCount "116"]
[GameId "2273192204928576"]
[EventDate "2025.09.14"]
[EventType "team-tourn"]
[EventRounds "9"]
[SourceTitle "Thueringer Schachbund"]
[Source "ThSB"]
[SourceDate "2025.09.14"]
[SourceVersion "1"]
[SourceVersionDate "2025.09.14"]
[SourceQuality "1"]
[WhiteTeam "VfL 1990 Gera"]
[BlackTeam "fuß brothers Jena"]

{[%evp 0,47,19,-18,-25,-26,-24,-40,12,9,4,4,-4,-7,11,-29,-13,-29,-10,-18,-12,-12,9,-31,-1,-24,-11,-23,-15,-29,-37,-42,-34,-42,12,8,21,35,4,3,19,-11,29,14,69,49,52,52,32,54]} 1. c4 e5 2. Nc3 Nc6 3. g3 g6 4. Bg2 Bg7 5. d3 d6 6. e4 Nd4 7. Be3 c5 8. h3 Ne7 9. Nge2 O-O 10. O-O f5 11. f4 Nec6 12. Kh2 Rb8 13. Rb1 a6 14. a3 b5 15. cxb5 axb5 16. b4 cxb4 17. axb4 Nxe2 18. Qb3+ Kh8 19. Nxe2 exf4 20. gxf4 fxe4 21. dxe4 Qe7 22. Qd5 Nd8 23. Rbd1 Nf7 24. Bd4 Be6 25. Bxg7+ Kxg7 26. Qd4+ Kg8 27. Rf2 Rfc8 28. f5 Bb3 29. Rd3 Bc4 30. Rg3 Qe5 31. fxg6 hxg6 32. Qe3 Bxe2 33. Qxe2 Rc3 34. Qg4 Rxg3 35. Qxg3 Rc8 36. Qxe5 Nxe5 37. Bf1 Kg7 38. Kg2 Nc4 39. Kg3 Ra8 40. Bxc4 bxc4 41. Rc2 Ra3+ 42. Kf4 c3 43. Ke3 Rb3 44. Kd4 Rxb4+ 45. Kd5 Rb2 46. Rxc3 Rd2+ 47. Ke6 Rd4 48. Re3 Rd1 49. Rg3 Rd4 50. Rg4 Kh6 51. Kf6 Kh5 52. Rxg6 Rxe4 53. Rg8 Rf4+ 54. Ke6 Kh4 55. Rh8+ Kg3 56. Kxd6 Rh4 57. Rxh4 Kxh4 58. Ke5 Kxh3 1/2-1/2

[Event "Thüringenliga 2025/26"]
[Site "?"]
[Date "2026.02.01"]
[Round "6.4"]
[White "Huster, Mike"]
[Black "Kloß, Thomas"]
[Result "1-0"]
[WhiteElo "1906"]
[BlackElo "1924"]
[WhiteFideId "-1"]
[BlackFideId "-1"]
[PlyCount "61"]
[GameId "2273196104767828"]
[EventDate "2025.09.14"]
[EventType "team-tourn"]
[EventRounds "9"]
[SourceTitle "Thueringer Schachbund"]
[Source "ThSB"]
[SourceDate "2025.09.14"]
[SourceVersion "1"]
[SourceVersionDate "2025.09.14"]
[SourceQuality "1"]
[WhiteTeam "VfL 1990 Gera"]
[BlackTeam "fuß brothers Jena"]

{[%evp 0,61,15,39,23,23,17,4,6,-14,14,2,12,-8,13,2,-9,-20,-1,-1,-7,-20,-26,-30,-34,-38,-39,-50,-42,-59,-71,-51,-30,-33,-17,-20,-45,-52,-53,-48,-40,-58,-60,-90,-76,-77,-74,-148,73,-4,84,124,322,224,353,367,455,389,412,426,439,442,442,449]} 1. d4 Nf6 2. Nf3 e6 3. c4 d5 4. g3 Be7 5. Bg2 O-O 6. O-O dxc4 7. Qc2 a6 8. Qxc4 b5 9. Qc2 Bb7 10. Nbd2 Nbd7 11. b3 Rc8 12. Bb2 c5 13. Qd1 Qb6 14. e3 Rfd8 15. Qe2 Ne4 16. Rac1 Qa5 17. a3 Nxd2 18. Nxd2 Bxg2 19. Kxg2 cxd4 20. b4 Qa4 21. Qd3 Rxc1 22. Rxc1 dxe3 23. Ne4 Ne5 24. Qc3 f6 25. Qc7 Kf7 26. Nc5 Nd3 27. Nxa4 Nxc1 28. Bxc1 e2 29. Qc3 Rd1 30. Bd2 bxa4 31. Qe3 1-0

[Event "Thüringenliga 2025/26"]
[Site "?"]
[Date "2026.02.01"]
[Round "6.5"]
[White "Richter, Sebastian"]
[Black "Schönfeld, Volker"]
[Result "1/2-1/2"]
[WhiteElo "1845"]
[BlackElo "1846"]
[WhiteFideId "-1"]
[BlackFideId "-1"]
[PlyCount "27"]
[GameId "2272842494455824"]
[EventDate "2025.09.14"]
[EventType "team-tourn"]
[EventRounds "9"]
[SourceTitle "Thueringer Schachbund"]
[Source "ThSB"]
[SourceDate "2025.09.14"]
[SourceVersion "1"]
[SourceVersionDate "2025.09.14"]
[SourceQuality "1"]
[WhiteTeam "fuß brothers Jena"]
[BlackTeam "VfL 1990 Gera"]

{[%evp 0,27,22,38,81,69,64,46,46,28,41,28,46,32,25,18,37,20,21,12,20,25,49,31,51,48,51,-25,-20,-14]} 1. e4 c6 2. Nf3 d5 3. exd5 cxd5 4. Ne5 a6 5. d4 Nf6 6. Bd3 g6 7. O-O Bg7 8. c3 O-O 9. Nd2 Nfd7 10. f4 Qb6 11. Kh1 f6 12. Nxd7 Bxd7 13. Nf3 Nc6 14. Re1 1/2-1/2

[Event "Thüringenliga 2025/26"]
[Site "?"]
[Date "2026.02.01"]
[Round "6.6"]
[White "Pekrul, Jürgen"]
[Black "Latka, Robert"]
[Result "1/2-1/2"]
[WhiteElo "1786"]
[BlackElo "1850"]
[WhiteFideId "-1"]
[BlackFideId "-1"]
[PlyCount "23"]
[GameId "2272843479265476"]
[EventDate "2025.09.14"]
[EventType "team-tourn"]
[EventRounds "9"]
[SourceTitle "Thueringer Schachbund"]
[Source "ThSB"]
[SourceDate "2025.09.14"]
[SourceVersion "1"]
[SourceVersionDate "2025.09.14"]
[SourceQuality "1"]
[WhiteTeam "VfL 1990 Gera"]
[BlackTeam "fuß brothers Jena"]

{[%evp 0,23,23,17,17,6,33,44,62,-10,2,-3,29,40,51,39,43,61,36,37,54,36,38,41,28,33]} 1. d4 Nf6 2. c4 g6 3. Nc3 d5 4. Bg5 Ne4 5. Bf4 Nxc3 6. bxc3 Bg7 7. Nf3 O-O 8. e3 c5 9. Qb3 e6 10. Be2 dxc4 11. Bxc4 Nc6 12. Bb5 1/2-1/2

[Event "Thüringenliga 2025/26"]
[Site "?"]
[Date "2026.02.01"]
[Round "6.7"]
[White "Götting, Danilo"]
[Black "Loos, Tilda"]
[Result "1/2-1/2"]
[WhiteElo "1711"]
[BlackElo "1844"]
[WhiteFideId "-1"]
[BlackFideId "-1"]
[PlyCount "81"]
[GameId "2273152371134482"]
[EventDate "2025.09.14"]
[EventType "team-tourn"]
[EventRounds "9"]
[SourceTitle "Thueringer Schachbund"]
[Source "ThSB"]
[SourceDate "2025.09.14"]
[SourceVersion "1"]
[SourceVersionDate "2025.09.14"]
[SourceQuality "1"]
[WhiteTeam "fuß brothers Jena"]
[BlackTeam "VfL 1990 Gera"]

{[%evp 0,81,27,27,42,10,13,14,21,-8,7,20,35,38,45,33,45,37,54,61,63,59,61,56,48,42,79,51,41,25,35,47,48,56,54,37,76,63,72,135,147,137,150,125,175,152,98,101,75,53,51,51,51,35,48,39,43,38,60,47,30,19,97,33,26,27,48,10,7,9,16,5,10,10,18,10,20,1,1,0,-7,-7,0,0]} 1. e4 c5 2. c3 Nf6 3. e5 Nd5 4. Bc4 e6 5. Nf3 d6 6. d4 cxd4 7. cxd4 dxe5 8. dxe5 Bb4+ 9. Bd2 Bxd2+ 10. Nbxd2 O-O 11. O-O Nc6 12. Qe2 Nf4 13. Qe3 Ng6 14. Rac1 Ngxe5 15. Nxe5 Nxe5 16. Qxe5 Qxd2 17. Rfd1 Qb4 18. Bd3 Qa4 19. Bxh7+ Kxh7 20. Rd4 Qe8 21. Qh5+ Kg8 22. Rc7 Bd7 23. Rcxd7 Rc8 24. h3 Rc1+ 25. Kh2 Rc4 26. Qd1 Qb8+ 27. Kg1 Rxd4 28. Qxd4 Rc8 29. Qd2 b5 30. g3 Qb6 31. Qf4 Rf8 32. a3 a6 33. Qc7 Qxc7 34. Rxc7 Rd8 35. Ra7 Rd6 36. Kf1 Kf8 37. Ke2 g5 38. Kf3 Kg7 39. h4 gxh4 40. gxh4 Kg6 41. Kg4 1/2-1/2

[Event "Thüringenliga 2025/26"]
[Site "?"]
[Date "2026.02.01"]
[Round "6.8"]
[White "Fijalkowski, Jürgen"]
[Black "Wolf, Jonas"]
[Result "0-1"]
[WhiteElo "1831"]
[BlackElo "1882"]
[WhiteFideId "-1"]
[BlackFideId "-1"]
[PlyCount "46"]
[GameId "2273162161414160"]
[EventDate "2025.09.14"]
[EventType "team-tourn"]
[EventRounds "9"]
[SourceTitle "Thueringer Schachbund"]
[Source "ThSB"]
[SourceDate "2025.09.14"]
[SourceVersion "1"]
[SourceVersionDate "2025.09.14"]
[SourceQuality "1"]
[WhiteTeam "VfL 1990 Gera"]
[BlackTeam "fuß brothers Jena"]

{[%evp 0,46,28,42,34,44,44,30,22,12,34,8,10,-34,1,1,19,16,14,19,27,5,0,-26,12,-19,44,54,82,80,98,61,105,100,93,72,72,68,152,143,146,111,138,138,121,0,20,-29995,-29996]} 1. e4 e6 2. d4 d5 3. exd5 exd5 4. Bd3 Bd6 5. Ne2 Nc6 6. c3 Nge7 7. O-O Bg4 8. Qc2 Qd7 9. Re1 O-O-O 10. b4 Kb8 11. a4 Rde8 12. Na3 f6 13. Nb5 g5 14. Nxd6 Qxd6 15. a5 h5 16. b5 Nd8 17. Ba3 Qd7 18. b6 c6 19. bxa7+ Ka8 20. Nc1 Nf5 21. Nb3 Nh4 22. Kh1 Nxg2 23. Kxg2 Bf3+ 0-1

[Event "Landesklasse Ost 2025/26"]
[Site "?"]
[Date "2026.02.08"]
[Round "6.1"]
[White "Koksch, Robert"]
[Black "Besancon, Pascal"]
[Result "0-1"]
[WhiteElo "1884"]
[BlackElo "1930"]
[WhiteFideId "-1"]
[BlackFideId "-1"]
[PlyCount "88"]
[GameId "555507640808"]
[EventDate "2025.09.14"]
[EventType "team-tourn"]
[EventRounds "9"]
[SourceTitle "Thueringer Schachbund"]
[Source "ThSB"]
[SourceDate "2025.09.14"]
[SourceVersion "1"]
[SourceVersionDate "2025.09.14"]
[SourceQuality "1"]
[WhiteTeam "ESV Lok Sömmerda"]
[BlackTeam "Schachklub Weida"]

{[%evp 0,88,58,5,72,13,3,-15,-46,-33,-18,-58,-60,-176,-57,-101,-90,-169,-183,-173,-162,-153,-153,-163,-101,-94,-125,-183,-20,-94,11,-2,-60,-80,-100,-108,-67,-67,-116,-177,-153,-153,-188,-188,-188,-195,-274,-203,-203,-289,-278,-278,-156,-156,-143,-124,-124,-143,-132,-227,-202,-180,-144,-170,-232,-287,-210,-230,-227,-424,-360,-293,-280,-293,-293,-293,-200,-226,-212,-283,-226,-217,-217,-237,-244,-392,-342,-549,-631,-631,-621]} 1. d4 d6 2. c4 e5 3. e4 exd4 4. Qxd4 Nc6 5. Qc3 d5 6. Qe3 dxe4 7. Qxe4+ Be6 8. Be3 Nf6 9. Qc2 Qd7 10. Nc3 Nb4 11. Qb3 Bf5 12. Rd1 Nc2+ 13. Ke2 Qc8 14. Nd5 Nxd5 15. Rxd5 Nxe3 16. Re5+ Be6 17. Rxe3 Be7 18. Nf3 O-O 19. Nd4 Bg4+ 20. f3 Bc5 21. fxg4 Bxd4 22. Re4 Re8 23. Rxe8+ Qxe8+ 24. Kd2 Rd8 25. Bd3 Qe3+ 26. Kc2 Qf2+ 27. Kb1 Qxg2 28. Rd1 Qxg4 29. Kc2 Qf4 30. Qxb7 Qxh2+ 31. Rd2 Qf4 32. Qc6 g6 33. Re2 Kg7 34. b4 Bf6 35. Qe4 Qd6 36. c5 Qg3 37. Re3 Qg5 38. a3 Rd4 39. Qf3 Rf4 40. Qg3 Rg4 41. Qf3 h5 42. Re8 Rg2+ 43. Kb3 Rg3 44. Qe4 Qd2 0-1

[Event "Landesklasse Ost 2025/26"]
[Site "?"]
[Date "2026.02.08"]
[Round "6.2"]
[White "Schlierf, Andre"]
[Black "Kalisch, Michael"]
[Result "0-1"]
[WhiteElo "2085"]
[BlackElo "1781"]
[WhiteFideId "-1"]
[BlackFideId "-1"]
[PlyCount "94"]
[GameId "555509880072"]
[EventDate "2025.09.14"]
[EventType "team-tourn"]
[EventRounds "9"]
[SourceTitle "Thueringer Schachbund"]
[Source "ThSB"]
[SourceDate "2025.09.14"]
[SourceVersion "1"]
[SourceVersionDate "2025.09.14"]
[SourceQuality "1"]
[WhiteTeam "Schachklub Weida"]
[BlackTeam "ESV Lok Sömmerda"]

{[%evp 0,94,21,-17,-30,-47,-78,-83,-36,-28,-14,-14,-13,-71,-15,-15,0,-7,-12,-16,0,4,0,-3,69,38,38,24,26,7,57,52,106,51,62,-26,-22,-4,44,44,33,2,15,-54,32,-32,-35,-102,-89,-269,-227,-227,-122,-353,-246,-311,-457,-503,-132,-166,-191,-144,-201,-226,-226,-306,-259,-278,-190,-195,-170,-205,-175,-234,-227,-244,-195,-196,-232,-247,-204,-210,-213,-213,-205,-212,-241,-256,-264,-273,-286,-328,-314,-364,-341,-353,-371]} 1. c4 e5 2. g3 Nc6 3. Bg2 f5 4. d3 Nf6 5. Nc3 Bb4 6. e3 Bxc3+ 7. bxc3 d6 8. Ne2 O-O 9. Ba3 Qe8 10. c5 d5 11. Rb1 d4 12. O-O dxe3 13. fxe3 Qh5 14. Bc1 f4 15. exf4 Bg4 16. Rb2 Rae8 17. Re1 exf4 18. Bxf4 Qxc5+ 19. d4 Qh5 20. Qb3+ Kh8 21. Qc4 Re7 22. d5 Ne5 23. Bxe5 Rxe5 24. Bf1 Nxd5 25. Qc5 Qe8 26. Qb5 c6 27. Qd3 Re3 28. Qc4 Bf3 29. Rxb7 Nxc3 30. Qd4 Qe5 31. Qxe5 Rxe5 32. Rb2 Rfe8 33. Kf2 Bxe2 34. Bxe2 g6 35. Rc2 Re3 36. Bf3 Rxe1 37. Rxc3 R1e6 38. Rxc6 Rxc6 39. Bxc6 Re5 40. Kf3 Kg7 41. a4 Kf6 42. g4 Kg5 43. Bb5 Rc5 44. Bd7 Rc3+ 45. Ke4 Rc2 46. Kd5 Rxh2 47. Kc6 Rb2 0-1

[Event "Landesklasse Ost 2025/26"]
[Site "?"]
[Date "2026.02.08"]
[Round "6.3"]
[White "Kühn, Martin"]
[Black "Künzel, Andre"]
[Result "1/2-1/2"]
[WhiteElo "2025"]
[BlackElo "1944"]
[WhiteFideId "-1"]
[BlackFideId "-1"]
[PlyCount "94"]
[GameId "555510577442"]
[EventDate "2025.09.14"]
[EventType "team-tourn"]
[EventRounds "9"]
[SourceTitle "Thueringer Schachbund"]
[Source "ThSB"]
[SourceDate "2025.09.14"]
[SourceVersion "1"]
[SourceVersionDate "2025.09.14"]
[SourceQuality "1"]
[WhiteTeam "ESV Lok Sömmerda"]
[BlackTeam "Schachklub Weida"]

{[%evp 0,94,44,13,13,5,5,41,78,66,112,91,73,73,87,71,78,39,44,44,44,24,33,33,33,33,35,27,30,30,47,32,65,51,16,-34,26,-50,-39,-68,10,-18,41,-34,40,67,59,33,99,108,163,193,179,174,157,200,181,146,160,160,160,102,98,86,72,33,110,-5,63,108,78,51,172,-8,-26,-48,63,41,45,30,15,6,-17,-17,14,-5,-3,15,15,16,-13,-12,-26,-38,-38,-70,-70]} 1. d4 Nf6 2. Bf4 d5 3. Nc3 c5 4. e3 a6 5. Nf3 Nc6 6. Be2 e6 7. Ne5 Qb6 8. Na4 Qa5+ 9. c3 Nxe5 10. Bxe5 Bd7 11. Nxc5 Bxc5 12. dxc5 Qxc5 13. a4 O-O 14. Bd3 Qe7 15. Qf3 Ne8 16. Qh3 g6 17. Qg3 Rc8 18. h4 f6 19. Bd4 Qd6 20. f4 Rf7 21. b4 Re7 22. h5 g5 23. O-O h6 24. Qf3 Rf7 25. fxg5 hxg5 26. Bg6 Rf8 27. h6 e5 28. Bc5 Rxc5 29. bxc5 Qxc5 30. a5 Nd6 31. Rad1 Be6 32. Rf2 Qc4 33. e4 dxe4 34. Qe3 Qc6 35. Re1 Bd5 36. Rb1 Nc4 37. Qh3 Be6 38. Bf5 Bd5 39. Bd7 Qd6 40. Qf5 Qe7 41. Re2 Kh8 42. Rd1 Nd6 43. Qh3 Bc4 44. Red2 Bd3 45. Bf5 Nc4 46. Rxd3 exd3 47. Rxd3 Rd8 1/2-1/2

[Event "Landesklasse Ost 2025/26"]
[Site "?"]
[Date "2026.02.08"]
[Round "6.4"]
[White "Wagner, Uwe"]
[Black "Bachmann, Nick"]
[Result "1/2-1/2"]
[WhiteElo "1733"]
[BlackElo "1885"]
[WhiteFideId "-1"]
[BlackFideId "-1"]
[PlyCount "35"]
[GameId "555511115523"]
[EventDate "2025.09.14"]
[EventType "team-tourn"]
[EventRounds "9"]
[SourceTitle "Thueringer Schachbund"]
[Source "ThSB"]
[SourceDate "2025.09.14"]
[SourceVersion "1"]
[SourceVersionDate "2025.09.14"]
[SourceQuality "1"]
[WhiteTeam "Schachklub Weida"]
[BlackTeam "ESV Lok Sömmerda"]

{[%evp 0,35,44,32,41,-28,8,20,70,61,75,19,37,21,21,13,18,13,27,10,32,40,36,13,63,26,155,62,82,35,34,34,18,-7,41,29,62,94]} 1. Nf3 Nf6 2. b3 c5 3. Bb2 g6 4. e3 Bg7 5. Be2 O-O 6. O-O Nc6 7. d4 cxd4 8. Nxd4 d5 9. Nd2 a6 10. Nxc6 bxc6 11. c4 Qd6 12. Nf3 Nd7 13. Bxg7 Kxg7 14. Qd4+ e5 15. Qh4 e4 16. Nd2 Qe6 17. Rac1 Ne5 18. cxd5 1/2-1/2

[Event "Landesklasse Ost 2025/26"]
[Site "?"]
[Date "2026.02.08"]
[Round "6.5"]
[White "Siegemund, Joachim"]
[Black "Urban, Bernd"]
[Result "1-0"]
[WhiteElo "1908"]
[BlackElo "1684"]
[WhiteFideId "-1"]
[BlackFideId "-1"]
[PlyCount "53"]
[GameId "555511299385"]
[EventDate "2025.09.14"]
[EventType "team-tourn"]
[EventRounds "9"]
[SourceTitle "Thueringer Schachbund"]
[Source "ThSB"]
[SourceDate "2025.09.14"]
[SourceVersion "1"]
[SourceVersionDate "2025.09.14"]
[SourceQuality "1"]
[WhiteTeam "ESV Lok Sömmerda"]
[BlackTeam "Schachklub Weida"]

{[%evp 0,53,44,33,54,100,100,19,51,51,73,47,49,35,87,74,63,68,70,17,24,-5,3,-26,4,-2,2,-38,24,4,16,13,23,-10,36,24,59,2,49,49,52,40,89,48,79,44,52,60,110,143,195,216,312,199,217,324]} 1. e4 c5 2. Nc3 e6 3. f4 Nc6 4. Nf3 Be7 5. Bb5 a6 6. Bxc6 bxc6 7. O-O Nf6 8. d3 d5 9. Qe1 O-O 10. Kh1 Rb8 11. h3 Bd7 12. g4 Ne8 13. f5 f6 14. b3 d4 15. Ne2 e5 16. Rg1 Kh8 17. Bd2 Nd6 18. Rg2 Rg8 19. g5 Qf8 20. g6 h6 21. Nh4 Nb5 22. Ng3 Na3 23. Qc1 Nb5 24. Nh5 Nd6 25. Bxh6 Ne8 26. Bd2 Nd6 27. Qd1 1-0